00474nam a2200169Ia 4500003000900000005001700009008004100026040001600067080001300083100001700096245011300113260003300226300001000259650001700269650001000286650000800296IN-BaIIA20250730135051.0211028s9999 xx 000 0 eng d cIIA Library a524bALL aAller, L. H. 0aAstrophysicsbthe atmospheres of sun and starscL. H. Aller  aNew YorkbRonald Pressc1963 a650p. aAstrophysics aStars aSun